|
|
|
|
| LEADER |
00000nam a2200000 a 4500 |
| 001 |
UCO4293 |
| 003 |
CL-VaPUC |
| 008 |
000728e19110000cl |||||||||||||||||spa|d |
| 082 |
0 |
4 |
|a 310.983
|b MEM
|2 21
|
| 245 |
1 |
0 |
|a Memoria de la Sociedad Nacional de Agricultura
|
| 300 |
|
|
|a 26 p
|
| 942 |
|
|
|c BK
|
| 945 |
|
|
|d 20000728 00:00:00
|a crobeson
|
| 260 |
|
|
|a Santiago
|b s.n
|c 1911
|
| 650 |
|
0 |
|a Estadísticas
|9 258644
|
| 650 |
|
0 |
|a Agricultura
|9 255598
|
| 650 |
|
0 |
|a Demografía
|9 260008
|
| 650 |
|
7 |
|a ESTADISTICAS COMERCIALES 1911
|2 CL-VaPUC
|9 448699
|
| 651 |
|
7 |
|a CHILE
|2 CL-VaPUC
|9 448700
|
| 583 |
|
|
|a last modification
|c 20180108 04:39:16
|k Rodrigo Vera
|
| 999 |
|
|
|c 290358
|d 290356
|
| 952 |
|
|
|0 0
|1 0
|4 0
|6 310_983000000000000_MEM_1911
|7 0
|8 X
|9 339697
|a BIBHIS
|b BIBHIS
|d 2019-11-20
|i 1212885
|o 310.983 MEM 1911
|p 1212885
|r 2024-01-30
|w 2019-11-20
|y BK_X
|k HIS
|